| 000 | 00592nam a2200193Ia 4500 | ||
|---|---|---|---|
| 003 | GCL | ||
| 008 | 140319s9999 xx 000 0 ara d | ||
| 040 |
_aGCL / _cGCL |
||
| 082 | 0 | 4 |
_a812.043 _bع هـ |
| 100 | 1 | _aعلى احمد باكثير | |
| 245 | 1 | 0 |
_aهاروت وماروت : _bمسرحية فى اربعة فصول / _cعلى احمد باكثير |
| 260 |
_aالقاهرة : _bمكتبة مصر |
||
| 300 |
_a127 ص ؛ _c20 سم |
||
| 490 | _a | ||
| 650 | 0 | 4 | _aالادب العربى |
| 650 | 0 | 4 | _aالادب |
| 650 | 0 | 4 | _aالمسرحيات العربية |
| 942 |
_2ddc _cBK |
||
| 999 |
_c33941 _d33941 |
||